00609nam a2200205 a 450000100060000000300090000600800410001501500210005602000150007704000280009208200170012010000340013724500580017126000370022930000190026649000210028549000210030650000420032765000340036926109CO-ViMGA141112s2004 ck r 000 u spa d ack - 2004 - xxxx a9584210270 aCO-ViMGAbspacCO-ViMGA04aCo863.5 M22s1 aMedina Reyes, Efraim, 1968 - 10aSexualidad de la Pantera Rosa / cEfraim Medina Reyes aBogotá : bSeix Barral, c2004 a334 p. ; 23 cm aBiblioteca breve aBiblioteca breve aIncluye datos biográficos del autor14aNovela colombiana - Siglo XXI